[Event "Aalborg op"]
[Site "Aalborg"]
[Date "1995.??.??"]
[Round "3"]
[White "Kochetkov, German"]
[Black "Gagarin, Vasilij"]
[Result "1/2-1/2"]
[WhiteElo "2435"]
[BlackElo "2420"]

1.e4 c5 2.Nf3 Nc6 3.Bb5 g6 4.O-O Bg7 5.Re1 e5 6.Bxc6 dxc6 7.d3 Qe7 8.Nbd2 Nh6
9.Nc4 f6 10.b4 cxb4 11.a3 b3 12.a4 O-O 13.Ba3 c5 14.c3 Be6 15.Qxb3 Qc7 16.Qb5 Rfd8
17.Ne3 Ng4 18.Nxg4 Bxg4 19.Bxc5 b6 20.Qc4+ Qf7 21.Be3 Qxc4 22.dxc4 Be6 23.a5 bxa5
24.Rxa5 Rd3 25.Rxa7  1/2-1/2

[Event "Aalborg op"]
[Site "Aalborg"]
[Date "1995.??.??"]
[Round "6"]
[White "Pedersen, Borge"]
[Black "From, Sigfred"]
[Result "0-1"]
[WhiteElo "2170"]
[BlackElo "2250"]

1.e4 c5 2.Nf3 Nc6 3.Bb5 g6 4.Bxc6 bxc6 5.O-O Bg7 6.Re1 d6 7.c3 Bg4 8.h3 Bxf3
9.Qxf3 e6 10.e5 d5 11.d4 cxd4 12.cxd4 Ne7 13.Bg5 O-O 14.Nd2 h6 15.Bxe7 Qxe7
16.Nb3 Qb4 17.Qd3 Rfc8 18.Nc5 Qb5 19.Qc2 Rc7 20.Re3 Re8 21.Qd2 Qb8 22.Na6 Qc8
23.Nxc7 Qxc7 24.Rc1 Bf8 25.Qc2 Rc8 26.a3 h5 27.Rc3 c5 28.Qe2 c4 29.g4 h4
30.g5 Qd8 31.f4 Qb6 32.Rd1 Rb8 33.Rd2 Qa5 34.Kg2 Rxb2 35.Rxb2 Qxc3 36.Qf2 Qxa3
37.Ra2 Qg3+ 38.Qxg3 hxg3 39.Kxg3 Bb4 40.Kf3 a5 41.Ke3 Kf8 42.h4 Ke7 43.Rh2 Kf8
44.h5 gxh5 45.Rxh5 Kg7 46.Rh2 a4 47.Rb2 Ba3 48.Ra2 Bc1+ 49.Ke2 a3  0-1

[Event "Aceimar op"]
[Site "Aceimar"]
[Date "1995.??.??"]
[Round "?"]
[White "De la Villa Garcia, Jesus Maria"]
[Black "Antunes, Antonio"]
[Result "1/2-1/2"]
[WhiteElo "2500"]
[BlackElo "2530"]

1.e4 c5 2.Nf3 Nc6 3.Bb5 g6 4.Bxc6 bxc6 5.O-O Bg7 6.Re1 Nh6 7.c3 f6 8.d4 cxd4
9.cxd4 O-O 10.Nc3 d6 11.b3 Bb7 12.Bb2 Qc7 13.Rc1 Rae8 14.Rc2 Qb8 15.h3 Nf7
16.Ree2 Bc8 17.Na4 Bb7 18.Nc3 Bc8 19.Na4 Bb7  1/2-1/2

[Event "Aegina op"]
[Site "Aegina"]
[Date "1995.??.??"]
[Round "3"]
[White "Frendzas, Panayotis"]
[Black "Wells, Peter K"]
[Result "1/2-1/2"]
[WhiteElo "2375"]
[BlackElo "2545"]

1.e4 c5 2.Nf3 Nc6 3.Bb5 g6 4.O-O Bg7 5.Re1 Nf6 6.e5 Nd5 7.Nc3 Nc7 8.Bxc6 dxc6
9.Ne4 b6 10.Nf6+ Kf8 11.Ne4 Bg4 12.Neg5 Qd5 13.h3 Bf5 14.d3 c4 15.g4 Bc8
16.dxc4 Qxd1 17.Rxd1 Ke8 18.Kg2 c5 19.b3 Bb7 20.Re1 Rd8 21.Bb2 h6 22.Ne4 Ne6
23.Kg3 h5 24.Bc3 Bh6 25.g5 Bxe4 26.Rxe4 Bxg5 27.a4 a5 28.Nxg5 Nxg5 29.Ree1 h4+
30.Kg4 Ne6 31.Rad1 Rh5 32.f4 Rf5 33.Rxd8+ Kxd8 34.Re4 Kd7 35.Be1 Rh5 36.Bxh4 Nd4
37.Rxd4+ cxd4 38.Bf2 Kc6 39.Bxd4 Rh8 40.h4 Rd8 41.c3  1/2-1/2

[Event "Cseppko op"]
[Site "Aggtelek"]
[Date "1995.??.??"]
[Round "?"]
[White "Zilahi, Gabor"]
[Black "Kiss, Pal"]
[Result "0-1"]
[WhiteElo "2080"]
[BlackElo "2455"]

1.e4 c5 2.Nf3 Nc6 3.Bb5 g6 4.O-O Bg7 5.c3 Nf6 6.Re1 O-O 7.d4 d5 8.exd5 Qxd5
9.c4 Qd6 10.d5 Na5 11.Na3 a6 12.Ba4 b5 13.cxb5 Nxd5 14.bxa6 Bxa6 15.Bg5 e6
16.Qd2 Qb6 17.Ne5 Bxe5 18.Rxe5 f6 19.Rxd5 exd5 20.Qxd5+ Kg7 21.Be3 Qxb2 22.Nc2 Bb5
23.Bc1 Qc3 24.Bxb5 Qxc2 25.Be3 Qb2 26.Re1 Qxb5 27.Bxc5 Rfe8  0-1

[Event "Agios Nikolaos op"]
[Site "Agios Nikolaos"]
[Date "1995.??.??"]
[Round "5"]
[White "Rogers, Ian"]
[Black "Nikolaidis, Konstantinos"]
[Result "1/2-1/2"]
[WhiteElo "2570"]
[BlackElo "2290"]

1.e4 c5 2.Nf3 Nc6 3.Bb5 d6 4.O-O Bd7 5.c3 Nf6 6.Re1 a6 7.Bxc6 Bxc6 8.d4 Bxe4
9.Bg5 Bd5 10.c4 Bxf3 11.Qxf3 e6 12.Bxf6 gxf6 13.dxc5 dxc5 14.Nc3 Be7 15.Qxb7 Qc8
16.Qf3 Ra7 17.Qh5 h6 18.Ne2 Kf8 19.Nf4 f5 20.Rxe6 Bg5 21.Rae1 Bxf4 22.Re8+ Qxe8
23.Rxe8+ Kxe8 24.Qxf5 Rd7 25.g3 Bd6 26.b4 cxb4 27.c5 Bc7 28.Qe4+ Kf8 29.Qc6 Re7
30.Qxa6 Kg7 31.Qc4 Rb8 32.Kg2 Ra8 33.Qg4+ Kf8 34.Qd4 Be5 35.Qxb4 Rxa2 36.c6 Rb2
37.Qc5 Bc7 38.Kh3 Re2 39.f4 Kg8 40.Kg4 R2e6 41.h4 Rg6+ 42.Kh5 Ree6 43.f5 Rxc6
44.Qe7 Rgd6 45.Qe8+ Kg7 46.g4 Rc5 47.Qe3 Rc4 48.Qe7 Rf6 49.g5 hxg5 50.hxg5 Rxf5
51.Qe5+ Bxe5  1/2-1/2

[Event "Algarve"]
[Site "Algarve"]
[Date "1995.??.??"]
[Round "1"]
[White "Ribeiro, Fernando"]
[Black "Doghri, Nabil"]
[Result "1/2-1/2"]
[WhiteElo "2240"]
[BlackElo "2310"]

1.e4 c5 2.Nf3 Nc6 3.Bb5 g6 4.O-O Bg7 5.Bxc6 dxc6 6.h3 e5 7.d3 f6 8.Be3 Qe7
9.a4 Nh6 10.a5 Nf7 11.Qd2 Nd8 12.Nc3 Ne6 13.Na4 Nd4 14.Nh2 O-O 15.Rae1 Be6
16.Qc3 b6 17.axb6 axb6 18.Nxb6 Ra2 19.f4 Rb8 20.Nc4 Rb4 21.fxe5 Bxc4 22.exf6 Bxf6
23.Rxf6 Qxf6 24.Ng4 Qd8 25.Nh6+ Kg7 26.dxc4 Rbxb2 27.Rf1 Rxc2 28.Rf7+ Kh8
29.Rf8+ Kg7 30.Rxd8 Rxc3 31.Bg5 Rc1+ 32.Bxc1 Ne2+ 33.Kh2 Nxc1 34.Ng4 Ra7
35.Rc8 h5 36.Nf2 Ra2 37.Rc7+ Kf8 38.Nh1 Nd3 39.Rxc6 Kf7 40.e5 h4 41.Rf6+ Kg7
42.Rf3 Nxe5 43.Rf2 Ra4 44.Re2 Nxc4 45.g3 hxg3+ 46.Nxg3 Nd6 47.Re6 Ra2+ 48.Kg1 Rd2
49.Nf1 Rd3 50.Kf2 Kf7 51.Re5 Kf6 52.Re3 Rxe3 53.Nxe3 Ke5 54.Kf3 Nf5 55.Nc4+ Kd4
56.Na5 Ke5 57.Kg4 Kf6 58.Nc4 Nh6+ 59.Kf4 Nf7 60.h4 Ke6 61.Ne3 Nd6 62.Kg5 Nf5
63.Nc4 Kd5 64.Na5 Ke4 65.Nc4  1/2-1/2

[Event "Algarve"]
[Site "Algarve"]
[Date "1995.??.??"]
[Round "3"]
[White "Rocha, Sergio"]
[Black "Doghri, Nabil"]
[Result "0-1"]
[WhiteElo "2375"]
[BlackElo "2310"]

1.e4 c5 2.Nf3 Nc6 3.Bb5 g6 4.O-O Bg7 5.c3 e5 6.b4 cxb4 7.d4 exd4 8.cxd4 Qb6
9.Bc4 Nxd4 10.e5 d5 11.Be3 dxc4 12.Bxd4 Qc6 13.e6 f6 14.Nbd2 Ne7 15.Nxc4 Qxc4
16.Rc1 Qxa2 17.Rc7 O-O 18.Rxe7 Bxe6 19.Ng5 Rfe8 20.Rc7 Qd5 21.Nxe6 Qxe6 22.Rxb7 a5
23.Qa4 Rad8 24.Ba1 Bf8 25.h3 Re7 26.Rb5 Ra7 27.h4 h5 28.g3 Be7 29.Qc2 Kf7
30.Qa4 Rd3 31.Rb8 Qd7 32.Qa2+ Qd5 33.Qc2 Bc5 34.Kh2 Rc7 35.Qa4 Rd7 36.Qxa5 Bd6
37.Qxd5+ Rxd5 38.Rb6 Rd2 39.Kg2 Be7 40.Rb1 Ra7 41.Kf3 Raa2 42.Ke4 Rxf2 43.Bd4 Rfe2+
44.Kd5 Rad2 45.Rf1 f5 46.g4 Re4 47.gxf5 Rdxd4+ 48.Kc6 Rd6+ 49.Kb5 Rxb6+ 50.Kxb6 gxf5
51.Rxf5+ Ke6 52.Rxh5 Rxh4 53.Rb5 Rf4  0-1

[Event "Algarve"]
[Site "Algarve"]
[Date "1995.??.??"]
[Round "6"]
[White "Rocha, Sergio"]
[Black "El Amary, Kamal"]
[Result "1-0"]
[WhiteElo "2375"]
[BlackElo "2110"]

1.e4 c5 2.Nf3 Nc6 3.Bb5 a6 4.Bxc6 bxc6 5.O-O g6 6.d4 cxd4 7.Qxd4 f6 8.Re1 Bg7
9.c4 e5 10.Qd6 Bf8 11.Qd3 Nh6 12.b3 Nf7 13.Nc3 Bb4 14.Rd1 O-O 15.Na4 Be7
16.Be3 d6 17.Bb6 Qe8 18.c5 dxc5 19.Bxc5 Be6 20.Rac1 a5 21.h3 f5 22.exf5 gxf5
23.Qc3 Bxc5 24.Qxc5 Bd5 25.Rc3 Qe6 26.Re1 Kh8 27.Nb6 Rae8 28.Nc4 Rg8 29.Ncxe5 Nxe5
30.Rxe5 Qf6 31.Rxe8 Rxe8 32.Qxa5 Qg7 33.Re3 Qa1+ 34.Kh2 Rxe3 35.Qd8+ Kg7
36.Qg5+ Kh8 37.Qxe3 Qxa2 38.Nd4 Qb1 39.Qe7 h6 40.Qf8+ Kh7 41.Nxf5  1-0

[Event "Altensteig"]
[Site "Altensteig"]
[Date "1995.??.??"]
[Round "5"]
[White "Grosar, Aljosa"]
[Black "Hracek, Zbynek"]
[Result "0-1"]
[WhiteElo "2485"]
[BlackElo "2635"]

1.e4 c5 2.Nf3 Nc6 3.Bb5 d6 4.O-O Bd7 5.Re1 Nf6 6.c3 a6 7.Bf1 Bg4 8.h3 Bh5
9.d3 e6 10.Nbd2 Be7 11.g4 Bg6 12.Nh4 Nd7 13.Nxg6 hxg6 14.Bg2 Bg5 15.d4 Qc7
16.Nc4 Bxc1 17.Rxc1 b5 18.Ne3 Rd8 19.d5 exd5 20.Nxd5 Qa7 21.Qd2 Nde5 22.f4 c4+
23.Re3 Nd3 24.Rd1 Ne7 25.Kh2 Nxb2 26.Rb1 Nd3 27.a4 O-O 28.axb5 Nxd5 29.exd5 axb5
30.Rxb5 Rb8 31.Rxb8 Rxb8 32.Rxd3 cxd3 33.Qxd3 Qf2 34.Qg3 Qxg3+ 35.Kxg3 Rb3
36.Bf3 Rxc3 37.g5 Kf8 38.Kg4 Ke7 39.Be4 Re3 40.Bc2 Kd8 41.h4 Rc3 42.Be4 Kc7
43.h5 gxh5+ 44.Kxh5 Rc4  0-1

[Event "Donner mem op"]
[Site "Amsterdam"]
[Date "1995.??.??"]
[Round "5"]
[White "Van der Wiel, John TH"]
[Black "Strating, Sybolt"]
[Result "1-0"]
[WhiteElo "2545"]
[BlackElo "2310"]

1.e4 c5 2.Nf3 Nc6 3.Bb5 g6 4.O-O Bg7 5.Re1 e5 6.b4 cxb4 7.a3 Qa5 8.Bxc6 dxc6
9.Bb2 b3 10.cxb3 Bg4 11.b4 Qc7 12.h3 Bxf3 13.Qxf3 Ne7 14.Qg3 Rc8 15.d3 O-O
16.Nd2 Rfd8 17.Red1 Rd7 18.Nc4 f6 19.Qg4 b5 20.Na5 Rcd8 21.Rac1 Rd6 22.Qe2 Nc8
23.d4 Qd7 24.Nb3 Nb6 25.Nc5 Qe7 26.dxe5 fxe5 27.Bc3 Nc4 28.a4 Bf8 29.Rxd6 Qxd6
30.Qa2 Qe7 31.axb5 cxb5 32.Qa6 Qe8 33.Qxa7 Ra8 34.Qb7 Rb8 35.Qd5+ Qf7 36.Rd1 Bxc5
37.Qxc5 Rf8 38.Qd5 Rb8 39.Bxe5 Qxd5 40.Rxd5 Re8 41.f4 Na3 42.Rd7 Rc8 43.Rg7+ Kf8
44.Rxh7  1-0

[Event "Andorra op"]
[Site "Andorra"]
[Date "1995.??.??"]
[Round "3"]
[White "Jansa, Vlastimil"]
[Black "Garcia, Raul"]
[Result "1-0"]
[WhiteElo "2525"]
[BlackElo "2275"]

1.e4 c5 2.Nf3 Nc6 3.Bb5 e6 4.O-O Nge7 5.b3 Nd4 6.Nxd4 cxd4 7.c3 a6 8.Bd3 Nc6
9.cxd4 Nxd4 10.Bb2 Bc5 11.Nc3 O-O 12.e5 d5 13.Rc1 Ba7 14.Qh5 g6 15.Qh6 Bd7
16.Ba3 Re8 17.Bd6 Bb8 18.Bxb8 Rxb8 19.Qf4 Nc6 20.Rfe1 Qe7 21.Bb1 b5 22.h4 Rf8
23.Qg3 Nd4 24.h5 b4 25.Ne2 Nxe2+ 26.Rxe2 Rbc8 27.Ree1 Rxc1 28.Rxc1 Rc8 29.Rxc8+ Bxc8
30.Qf4 a5 31.Bd3 Kg7 32.h6+ Kg8 33.Qd4 Qc7 34.Qh4 f5 35.Qf6 Qc1+ 36.Bf1 Qc7
37.g3 d4 38.Bc4 Qf7 39.Qd8+ Qf8 40.Qxa5 Qxh6 41.Qxb4  1-0

[Event "Andorra op"]
[Site "Andorra"]
[Date "1995.??.??"]
[Round "5"]
[White "Renteria, Jorge"]
[Black "Oms Pallise, Josep"]
[Result "1/2-1/2"]
[WhiteElo "2210"]
[BlackElo "2350"]

1.e4 c5 2.Nf3 Nc6 3.Bb5 g6 4.O-O Bg7 5.c3 Nf6 6.Re1 O-O 7.d4 d5 8.e5 Ne4
9.Bd3 Qb6 10.c4 e6 11.Bxe4 dxe4 12.dxc5 Qxc5 13.Rxe4 Nxe5 14.Nxe5 Bxe5 15.Qe2 Bg7
16.Nc3 b6 17.Be3 Qc6 18.Bd4 Bb7 19.Bxg7 Kxg7 20.f3 Rfd8 21.Kh1 Rac8 22.b3 Qc5
23.Re3 a6 24.h3 Rd7 25.Rd1 Rxd1+ 26.Nxd1 b5 27.cxb5 axb5 28.Rc3 Qd4 29.Rxc8 Bxc8
30.Qb2 Qxb2 31.Nxb2 Kf6 32.Nd3 e5 33.Kg1 Bf5 34.Nc5 Ke7 35.a4 Kd6 36.b4 bxa4
37.Nxa4 Kd5 38.g4 Bc2 39.Nc3+ Kc4 40.b5 Kc5 41.g5 Bd3 42.b6 Kxb6 43.Nd5+ Kc5
44.Nf6 Kd6 45.Nxh7 Ke6 46.Kf2 Kf5 47.Kg3 e4  1/2-1/2

[Event "Andorra op"]
[Site "Andorra"]
[Date "1995.??.??"]
[Round "5"]
[White "Ribeiro, Fernando"]
[Black "Komarov, Dimitri"]
[Result "0-1"]
[WhiteElo "2240"]
[BlackElo "2575"]

1.e4 c5 2.Nf3 Nc6 3.Bb5 e6 4.Bxc6 bxc6 5.b3 d6 6.Bb2 e5 7.h3 Ne7 8.Nc3 Ng6
9.Ne2 Be7 10.O-O O-O 11.d3 f5 12.exf5 Bxf5 13.Ng3 Be6 14.Bc1 Nf4 15.Bxf4 Rxf4
16.Qe2 Qd7 17.Kh2 Raf8 18.Ng1 Qe8 19.Qe3 Qg6 20.Rae1 h5 21.Ne4 h4 22.Ne2 R4f5
23.f3 Bc8 24.Nf2 Bg5 25.Qe4 d5 26.Qa4 Qd6 27.Kh1 Bd8 28.Rd1 R5f7 29.Kg1 g5
30.Ng4 Bc7 31.Kf2 c4 32.dxc4 Bxg4 33.hxg4 h3 34.gxh3 Rxf3+ 35.Kg2 e4  0-1

[Event "Ano Liosia op"]
[Site "Ano Liosia"]
[Date "1995.??.??"]
[Round "5"]
[White "Dedes, Nikolaos"]
[Black "Kotronias, Vasilios"]
[Result "0-1"]
[WhiteElo "2240"]
[BlackElo "2570"]

1.e4 c5 2.Nf3 Nc6 3.Bb5 g6 4.O-O Bg7 5.Re1 Nf6 6.e5 Nd5 7.Nc3 Nc7 8.Bc4 O-O
9.d3 Ne6 10.Nd5 d6 11.exd6 Qxd6 12.a4 b6 13.c3 Bb7 14.Ng5 Ne5 15.Nxe6 Qxe6
16.Nf4 Qd6 17.Bb3 Rad8 18.d4 cxd4 19.cxd4 Qxd4 20.Qxd4 Rxd4 21.a5 Rb8 22.axb6 axb6
23.Be3 Rb4 24.Bd5 g5 25.Bxb7 gxf4 26.Bd2 Rc4 27.Ba6 b5 28.Ra5 Rd4 29.Bc3 Rd5
30.Bb7 Rxb7 31.Ra8+ Bf8 32.Bxe5 f3 33.gxf3 f6 34.Bf4 Kf7 35.Rc1 Rf5 36.Bd2 Rxf3
37.Rcc8 Bg7 38.b4 Rb3 39.Rab8 Rd7 40.Be3 Rxb4 41.Rc5 Rg4+ 42.Kf1 Rd1+ 43.Ke2 Rb1
44.Kf3 Rh4 45.Kg2 Rg4+ 46.Kf3 Rgb4 47.Rc7 R1b3 48.Rc5 Bh6 49.Rh5 Bxe3 50.fxe3 Kg6
51.Rh3 Rxe3+  0-1

[Event "Ano Liosia op"]
[Site "Ano Liosia"]
[Date "1995.??.??"]
[Round "6"]
[White "Karayannis, Athanasios"]
[Black "Skembris, Spyridon"]
[Result "1/2-1/2"]
[WhiteElo "2320"]
[BlackElo "2525"]

1.e4 c5 2.Nf3 Nc6 3.Bb5 g6 4.O-O Bg7 5.Re1 Nf6 6.c3 O-O 7.d4 cxd4 8.cxd4 d5
9.e5 Ne4 10.Nc3 Nxc3 11.bxc3 Qa5 12.Qb3 Bg4 13.Nd2 Rac8 14.Bf1 Rfd8 15.Qb2 Qc7
16.Nb3 b6 17.Bd2 Be6 18.Bd3 Qd7 19.a4 Bf5 20.Ba6 Rb8 21.Bf4 Qc7 22.Qd2 Be6
23.h4 Na5 24.Nxa5 bxa5 25.Rab1 Rb6 26.Rxb6 Qxb6 27.Bb5 a6 28.Bd3 Qc6 29.Bg5 Bf8
30.h5 Qxa4 31.Bh6 Qc6 32.Bxf8 Rxf8 33.Re3 Rc8 34.Bc2 Qd7 35.hxg6 fxg6 36.Rg3 Bf5
37.Bxf5 Qxf5 38.Qa2 e6 39.Rf3 Qg5 40.Qxa5 Qc1+ 41.Kh2 Qh6+ 42.Kg1 Qc1+ 43.Kh2 Qh6+  1/2-1/2

[Event "Antwerp op"]
[Site "Antwerp"]
[Date "1995.??.??"]
[Round "1"]
[White "David, Alberto"]
[Black "Kundin, Alexander"]
[Result "0-1"]
[WhiteElo "2465"]
[BlackElo "2220"]

1.e4 c5 2.Nf3 Nc6 3.Bb5 e6 4.Bxc6 bxc6 5.b3 d6 6.O-O e5 7.c3 f5 8.exf5 Bxf5
9.d4 cxd4 10.cxd4 e4 11.Qc2 Nf6 12.Bg5 Be7 13.Bxf6 Bxf6 14.Qxc6+ Kf8 15.Qd5 exf3
16.Qxf5 fxg2 17.Re1 g6 18.Qf3 Kg7 19.Qb7+ Kh6 20.Qd5 Qb6 21.Rd1 Rhf8 22.Na3 Bh4
23.Nc4 Bxf2+ 24.Kxg2 Qa6 25.Rd2 Qc8 26.h3 Rf5 27.Qxd6 Rg5+ 28.Kxf2 Qf5+ 29.Ke2 Rg2+
30.Kd1 Rg1+ 31.Ke2 Rxa1  0-1

[Event "ARG-ch"]
[Site "?"]
[Date "1995.??.??"]
[Round "8"]
[White "Slipak, Sergio"]
[Black "Spangenberg, Hugo"]
[Result "1-0"]
[WhiteElo "2520"]
[BlackElo "2490"]

1.e4 c5 2.Nf3 Nc6 3.Bb5 g6 4.O-O Bg7 5.Bxc6 dxc6 6.d3 Nf6 7.Nc3 Nd7 8.Be3 e5
9.Qd2 Qe7 10.Bh6 O-O 11.Bxg7 Kxg7 12.Ne1 Qd6 13.f4 exf4 14.Rxf4 Ne5 15.Nf3 Nxf3+
16.Rxf3 Qe5 17.Raf1 Be6 18.b3 b5 19.Ne2 c4 20.dxc4 bxc4 21.Qd4 f6 22.Qxe5 fxe5
23.Rxf8 Rxf8 24.Rxf8 Kxf8 25.b4 Ke7 26.Nc3 Kd6 27.Kf2 c5 28.b5 Kc7 29.Nd5+ Kd6
30.Ke3 c3 31.Nxc3 c4 32.a4 Kc5 33.Nd5 Bc8 34.c3 Bg4 35.Kd2 Bc8 36.Ke3 Bg4
37.Kd2 Bc8 38.h3 g5 39.g4 Be6 40.Nf6 h6 41.Nd5 Bd7 42.Ne7 Kb6 43.Ng6  1-0

[Event "Juan Fontclara mem"]
[Site "Asuncion"]
[Date "1995.??.??"]
[Round "4"]
[White "Andres, Miguel"]
[Black "Minzer, Claudio Javier"]
[Result "1/2-1/2"]
[WhiteElo "2325"]
[BlackElo "2385"]

1.e4 c5 2.Nf3 Nc6 3.Bb5 e6 4.O-O Nge7 5.Re1 a6 6.Bxc6 Nxc6 7.d4 cxd4 8.Nxd4 d6
9.Nc3 Be7 10.Be3 O-O 11.Qe2 Bd7 12.Rad1 Qc7 13.Nxc6 Bxc6 14.f3 b5 15.a3  1/2-1/2

[Event "Juan Fontclara mem"]
[Site "Asuncion"]
[Date "1995.??.??"]
[Round "5"]
[White "Jodorcovsky, Paulo"]
[Black "Roselli Mailhe, Bernardo"]
[Result "0-1"]
[WhiteElo "2260"]
[BlackElo "2425"]

1.e4 c5 2.Nf3 Nc6 3.Bb5 e6 4.Bxc6 bxc6 5.b3 f6 6.O-O Ne7 7.Ba3 d6 8.c3 Ng6
9.d4 cxd4 10.cxd4 Be7 11.Nc3 O-O 12.e5 fxe5 13.dxe5 d5 14.Bxe7 Qxe7 15.Na4 Ba6
16.Re1 c5 17.Rc1 Rac8 18.Qc2 Rxf3 19.gxf3 Nh4 20.Kh1 Nxf3 21.Re3 d4 22.Re4 Bb7
23.Nxc5 Rxc5 24.Qxc5 Qxc5 25.Rxc5 Bxe4 26.Kg2 d3 27.Kf1 Bf5 28.Kg2 d2  0-1

[Event "Juan Fontclara mem"]
[Site "Asuncion"]
[Date "1995.??.??"]
[Round "7"]
[White "Minzer, Claudio Javier"]
[Black "Sieiro Gonzalez, Luis"]
[Result "1/2-1/2"]
[WhiteElo "2385"]
[BlackElo "2385"]

1.e4 c5 2.Nf3 Nc6 3.Bb5 d6 4.d4 cxd4 5.Qxd4 Bd7 6.Bxc6 Bxc6 7.Nc3 Nf6 8.Bg5 e6
9.O-O-O Be7 10.Rhe1 O-O 11.Qd2 Qa5 12.Kb1  1/2-1/2

[Event "AUT-chT2S 9495"]
[Site "?"]
[Date "1995.??.??"]
[Round "2"]
[White "Hresc, Vladimir"]
[Black "Supancic, Darko"]
[Result "1/2-1/2"]
[WhiteElo "2420"]
[BlackElo "2395"]

1.e4 c5 2.Nf3 Nc6 3.Bb5 g6 4.O-O Bg7 5.Re1 Nf6 6.c3 O-O 7.d4 d5 8.exd5 Qxd5
9.c4 Qd6 10.d5 Nd4 11.Nxd4 cxd4 12.Nd2 e6 13.Nf3 a6 14.Ba4 exd5 15.Qxd4 Bg4
16.c5 Qd8 17.Ne5 Be6 18.Qb4 Rb8 19.Be3 Nd7 20.Bxd7 Bxe5 21.Bh6 Qf6 22.Bxf8 Rxf8
23.Bxe6 Bxb2 24.Bxd5 Bxa1 25.Rd1 Bc3 26.Qxb7 Bd4 27.c6 Qxf2+ 28.Kh1 Be5 29.Qe7 Qf5
30.Bf3 Qf4 31.Kg1 Qxh2+ 32.Kf1 Qf4 33.Qc5  1/2-1/2

[Event "AUT-chT9495"]
[Site "?"]
[Date "1995.??.??"]
[Round "?"]
[White "Kranzl, Peter"]
[Black "Weinzettl, Ernst"]
[Result "0-1"]
[WhiteElo "2285"]
[BlackElo "2320"]

1.e4 c5 2.Nf3 Nc6 3.Bb5 g6 4.O-O Bg7 5.Re1 e5 6.Bxc6 bxc6 7.c3 Ne7 8.d4 cxd4
9.cxd4 exd4 10.Nxd4 O-O 11.Nc3 Rb8 12.Nb3 d5 13.exd5 Nxd5 14.Nxd5 cxd5 15.Bf4 Rb4
16.Be5 Bxe5 17.Rxe5 Be6 18.Qd2 Qb6 19.Qh6 Rc8 20.Re2 Qa6 21.Ree1 Rc2 22.Qg5 Rg4
23.Qe5 Qb6 24.Rf1 f6 25.Qe1 Re4 26.Qd1 Rxb2 27.Nc1 Qd4 28.Nd3 Bg4 29.Qc1 Rb6
30.Qa3 Be2 31.Rfc1 Bxd3 32.Rc8+ Kf7 33.Qf8+ Ke6 34.Rac1 Bc4 35.h3 Kf5 36.Qh6 Rb2
37.g4+ Rxg4+ 38.hxg4+ Qxg4+ 39.Kh1 Qf3+  0-1

[Event "AUT-chT9495"]
[Site "?"]
[Date "1995.??.??"]
[Round "?"]
[White "Niedermayr, Horst"]
[Black "Loebler, Heimo"]
[Result "1/2-1/2"]
[WhiteElo "2245"]
[BlackElo "2245"]

1.e4 c5 2.Nf3 Nc6 3.Bb5 g6 4.O-O Bg7 5.c3 Nf6 6.Re1 O-O 7.d4 d5 8.e5 Ne4
9.Ng5 Nxg5 10.Bxg5 f6 11.exf6 exf6 12.Be3 cxd4 13.Bxc6 bxc6 14.Bxd4 Bh6 15.Nd2 Bf5
16.Nb3 Qd7 17.Nc5 Qd6 18.g3 Rfe8 19.Qf3 Bg7 20.b4 h5 21.a4 Bg4 22.Qd3 Bf5
23.Qf3 Kf7 24.a5 a6 25.Qg2 Bg4 26.f3 Be6 27.Re2 Bd7 28.Rae1 Rxe2 29.Rxe2 Bf8
30.Qf2 h4 31.gxh4 Bf5 32.Qe3 Kg8 33.h5 gxh5 34.Qf2 Qf4 35.Qg3+ Qxg3+ 36.hxg3 Kf7
37.Kf2 Bd6 38.Re1 Bxc5 39.Bxc5 Re8 40.Rxe8 Kxe8  1/2-1/2

[Event "AUT-chT9495"]
[Site "?"]
[Date "1995.??.??"]
[Round "?"]
[White "Peterwagner, Heinz"]
[Black "Bukacek, Emil"]
[Result "1/2-1/2"]
[WhiteElo "2195"]
[BlackElo "2325"]

1.e4 c5 2.Nf3 Nc6 3.Bb5 g6 4.O-O Bg7 5.Re1 e5 6.a4 Nge7 7.Nc3 O-O 8.d3 d6
9.h3 h6 10.Bc4 Kh7 11.Nd5 Nxd5 12.Bxd5 Ne7 13.Bb3 f5 14.c3 Nc6 15.Bd5 Qf6
16.exf5 gxf5 17.Nh2 Ne7 18.Bf3 d5 19.Be3 b6 20.a5 Bb7 21.Be2 f4 22.Bc1 Nf5
23.Bg4 Nh4 24.Nf3 Ng6 25.Bh5 e4 26.dxe4 dxe4 27.Nh2 Rad8 28.Qc2 Qg5 29.Be2 Kh8
30.axb6 Nh4 31.Bf1 axb6 32.Ra7 Qd5 33.c4 Qc6 34.b4 cxb4 35.Bb2 Rd7 36.Ng4 Re8
37.Rd1 Rxd1 38.Bxg7+ Kxg7 39.Qxd1 Re7 40.Qd4+ Kh7 41.Nf6+ Kg6 42.Nd5 Re8
43.Rxb7 Qxb7 44.Qf6+ Kh7 45.Qxh4 Rf8 46.f3 Qg7 47.Qf2 b3  1/2-1/2

[Event "AUT-chT2S 9596"]
[Site "AUT"]
[Date "1995.??.??"]
[Round "?"]
[White "Siklosi, Zoltan"]
[Black "Mikac, Matjaz"]
[Result "0-1"]
[WhiteElo "2325"]
[BlackElo "2415"]

1.e4 c5 2.Nf3 Nc6 3.Bb5 d6 4.O-O Bd7 5.c3 a6 6.Ba4 Nf6 7.Re1 c4 8.h3 Ne5
9.Nxe5 dxe5 10.Bc2 e6 11.d4 cxd3 12.Qxd3 Qc7 13.Be3 Bc5 14.Nd2 Bb5 15.c4 Rd8
16.Qc3 Bd4 17.Qb4 Qe7 18.Qxe7+ Kxe7 19.cxb5 Bxe3 20.Nc4 Bd4 21.bxa6 Rc8 22.Bd3 bxa6
23.Rab1 Rhd8 24.Bf1 h5 25.g3 h4 26.Kg2 hxg3 27.fxg3 Nd7 28.b3 Nc5 29.Rbc1 Nb7
30.Rcd1 Nd6 31.Nxd6 Rxd6 32.Bc4 a5 33.a4 Rdc6 34.Rc1 Rc5 35.Rf1 Be3 36.Rc3 Bd4
37.Rcf3 Rf8 38.g4 Rc7 39.Rd1 Rcc8 40.Rdf1 Rcd8 41.Rd1 Bc5 42.Rxd8 Rxd8 43.Rd3 Rh8
44.Rf3 g6 45.Kf1 Rd8 46.Rd3 Rf8 47.Rf3 f5 48.Bd3 f4 49.Bc4 Be3 50.Ke2 Rd8
51.Bd3 Rh8 52.Bc4 g5 53.Bd3 Kd6 54.Bc4 Rh6 55.Kd3 Kc5 56.Kc3 Bd4+ 57.Kd3 Ba1
58.Ke2 Bd4 59.Kd3 Kd6 60.Ke2 Be3 61.Kd3 Rh8 62.Ke2 Ke7 63.Bd3 Rb8 64.Bc4 Rd8
65.Bd3 Kd6 66.Rf1 Kc5 67.Rd1 Rh8 68.Bc4 Rxh3 69.Bxe6 Rh2+ 70.Kd3 Kb4 71.Bd5 Bd4
72.Rf1 Rh3+ 73.Ke2 Rg3 74.Rh1 f3+ 75.Kd3 f2+  0-1

[Event "AUT-chT2O 9596"]
[Site "AUT"]
[Date "1995.??.??"]
[Round "1"]
[White "Schueller, Ernst"]
[Black "Klug, Robert"]
[Result "1-0"]
[WhiteElo "2240"]
[BlackElo "2195"]

1.e4 c5 2.Nf3 Nc6 3.Bb5 Qc7 4.O-O e6 5.b3 a6 6.Bxc6 Qxc6 7.Qe2 d6 8.d4 cxd4
9.Nxd4 Qc7 10.c4 Nf6 11.Bb2 Be7 12.Nc3 O-O 13.Kh1 Bd7 14.f4 Bc6 15.Rac1 Rfe8
16.e5 dxe5 17.fxe5 Nd7 18.Nxc6 bxc6 19.Rce1 Bh4 20.g3 Be7 21.Qh5 Rf8 22.Ne4 Qa5
23.Qg4 Kh8 24.Nd6 f5 25.exf6 Bxf6 26.Qxe6 Bxb2 27.Qxd7 h6 28.Qxc6 Qxa2 29.Nf7+ Kh7
30.Qe4+ Kg8 31.Qd5 Kh7 32.c5 Qa5 33.Qc4 Rac8  1-0

[Event "Badalona op"]
[Site "Badalona"]
[Date "1995.??.??"]
[Round "5"]
[White "Arencibia, Walter"]
[Black "Belkhodja, Slim"]
[Result "1/2-1/2"]
[WhiteElo "2515"]
[BlackElo "2395"]

1.e4 c5 2.Nf3 Nc6 3.Bb5 d6 4.d4 cxd4 5.Qxd4 Bd7 6.Bxc6 Bxc6 7.Nc3 e5 8.Qd3 h6
9.b3 Nf6 10.Bb2 Rc8 11.O-O Be7 12.a4 O-O 13.Rfd1 a6 14.Nd2 Qc7 15.a5 Rfd8
16.Nc4 d5 17.Nxd5 Bxd5 18.exd5 Rxd5 19.Qe2 Rcd8 20.Bxe5 Qd7 21.Re1 Bc5 22.h3 Qf5
23.g4 Qg5 24.Qf3 h5 25.Bxf6 gxf6 26.Kf1 Kf8 27.Rad1 hxg4 28.hxg4 Qh4 29.Rxd5 Rxd5
30.b4 Ba7 31.Nb6 Bxb6 32.axb6 Rd2 33.c4 Rc2 34.c5 Kg7 35.Re7 Rc1+ 36.Ke2 Rc2+
37.Ke1 Rb2 38.Re4 Qh2 39.Kf1 Rb1+ 40.Re1 Rxb4 41.Qxb7 Rxg4 42.Qf3 Rg5 43.b7 Rg1+
44.Ke2 Qe5+ 45.Kd3 Rxe1 46.Qg3+ Qxg3+ 47.fxg3 Rb1 48.c6 a5 49.Kc4 a4 50.c7 a3
51.c8=Q a2 52.Qa8 Rxb7 53.Qxa2 Re7 54.Kd5 Re5+ 55.Kd6 Rg5  1/2-1/2

[Event "Hofmann Cup"]
[Site "Baden-Baden"]
[Date "1995.??.??"]
[Round "1"]
[White "Schmenger, Felix"]
[Black "Hausrath, Daniel"]
[Result "0-1"]
[WhiteElo "2285"]
[BlackElo "2370"]

1.e4 c5 2.Nf3 Nc6 3.Bb5 d6 4.O-O Bd7 5.Re1 a6 6.Bf1 Bg4 7.h3 Bh5 8.d3 e6
9.Be3 Nf6 10.g4 Bg6 11.Nbd2 Be7 12.Bg2 Rc8 13.Bf4 Nd7 14.Bg3 O-O 15.Nh2 e5
16.f4 exf4 17.Bxf4 Nde5 18.Ndf1 Bg5 19.Bxg5 Qxg5 20.Ne3 h5 21.Nf3 Nxf3+ 22.Bxf3 Ne5
23.Bg2 Rfe8 24.Qe2 hxg4 25.hxg4 Re6 26.Rf1 Rce8 27.Rae1 b5 28.Kh2 Qh4+ 29.Bh3  0-1

[Event "Baku Cup"]
[Site "Baku"]
[Date "1995.??.??"]
[Round "?"]
[White "Bakhtadze, Giorgi"]
[Black "Gadjilu, Rauf"]
[Result "0-1"]
[WhiteElo "2275"]
[BlackElo "2265"]

1.e4 c5 2.Nf3 Nc6 3.Bb5 g6 4.O-O Bg7 5.Re1 e5 6.c3 Nge7 7.d3 O-O 8.Bg5 h6
9.Bxc6 hxg5 10.Ba4 g4 11.Nfd2 d5 12.exd5 Nxd5 13.Ne4 Nf4 14.Nxc5 b6 15.Bc6 Bf5
16.Ne4 Nxd3 17.Bxa8 Nxe1 18.Qxe1 Qxa8 19.Nbd2 Qd5 20.a4 Rd8 21.a5 bxa5 22.Qe3 Bc8
23.Nf1 f5 24.Ned2 Bb7 25.f3 Bf8 26.Qg5 Kf7 27.Qh4 Bc5+ 28.Kh1 gxf3 29.Qh7+ Kf6  0-1

[Event "Balatonbereny op"]
[Site "Balatonbereny"]
[Date "1995.??.??"]
[Round "2"]
[White "Peptan, Corina"]
[Black "Tatar Kis, Szabolcs"]
[Result "1-0"]
[WhiteElo "2340"]
[BlackElo "2240"]

1.e4 c5 2.Nf3 Nc6 3.Bb5 g6 4.O-O Bg7 5.Re1 Nf6 6.Nc3 O-O 7.e5 Ne8 8.Bxc6 dxc6
9.Ne4 b6 10.b3 Nc7 11.Bb2 Ne6 12.Neg5 h6 13.Nxe6 Bxe6 14.d4 cxd4 15.Nxd4 Qd7
16.Qf3 Bd5 17.Qg3 c5 18.Ne2 Qf5 19.c4 Bc6 20.Nf4 Rad8 21.Re2 e6 22.Rae1 h5
23.Bc1 Rd4 24.h4 Rfd8 25.Kh2 Rd1 26.Nd5 Rxe1 27.Ne7+ Kf8 28.Nxf5 Rxe2 29.Nxg7 Kxg7
30.Qg5 Rd7 31.Qf6+ Kh7 32.Bh6  1-0